[Event "Madrid-ch (Women)"]
[Site "Madrid"]
[Date "2013.12.20"]
[Round "4"]
[White "Crespo Ramos, Maria"]
[Black "Di Pietro Moreno, Fatima"]
[Result "1-0"]
[WhiteElo "1698"]
[BlackElo "1319"]
[PlyCount "35"]
[EventDate "2013.12.13"]
[EventType "swiss"]
[EventRounds "6"]
[EventCountry "ESP"]
[SourceTitle "EXT 2015"]
[Source "ChessBase"]
[SourceDate "2014.11.20"]
[SourceVersion "1"]
[SourceVersionDate "2014.11.20"]
[SourceQuality "1"]

1. e4 e6 2. d4 d5 3. Be3 dxe4 4. Nd2 Nf6 5. f3 exf3 6. Ngxf3 Bd6 7. Bd3 0-0 8. 0-0 Nbd7 9. Nc4 Re8 10. Nfe5 Nf8 11. Qe1 b6 12. Bg5 Bb7 13. Qh4 Be7 14. c3 Nd5 15. Nxf7 Qd7 16. Nce5 Bxg5 17. Qxg5 Qe7 18. Nh6+ 1-0

[Event "Madrid-ch (Women)"]
[Site "Madrid"]
[Date "2013.12.13"]
[Round "1"]
[White "Crespo Ramos, Maria"]
[Black "De la Villa Ramos, Maria"]
[Result "1-0"]
[WhiteElo "1698"]
[BlackElo "1474"]
[PlyCount "81"]
[EventDate "2013.12.13"]
[EventType "swiss"]
[EventRounds "6"]
[EventCountry "ESP"]
[SourceTitle "EXT 2015"]
[Source "ChessBase"]
[SourceDate "2014.11.20"]
[SourceVersion "1"]
[SourceVersionDate "2014.11.20"]
[SourceQuality "1"]

1. e4 e5 2. Nf3 Nc6 3. Nc3 Nf6 4. d4 exd4 5. Nxd4 Ne5 6. f4 c5 7. fxe5 cxd4 8. Qxd4 Ng8 9. Bf4 b6 10. 0-0-0 Bc5 11. Qd5 Rb8 12. Bc4 Qe7 13. Rhf1 Bb7 14. Qd2 Rd8 15. Nd5 Bxd5 16. exd5 d6 17. exd6 Qd7 18. Qe2+ Kf8 19. Bb5 Qc8 20. d7 Rxd7 21. Bxd7 Qxd7 22. a3 a5 23. Rfe1 Nf6 24. d6 Kg8 25. Qe7 h6 26. Qxd7 Nxd7 27. Re7 Nf6 28. Be3 Kh7 29. Bxc5 bxc5 30. Rc7 Rd8 31. d7 Kg6 32. Rxc5 Rxd7 33. Rxd7 Nxd7 34. Rxa5 f5 35. Rd5 Nf6 36. Rd6 Kg5 37. Rxf6 gxf6 38. a4 Kg4 39. a5 h5 40. a6 h4 41. a7 1-0

[Event "Extremadura-chT"]
[Site "Spain"]
[Date "2009.02.14"]
[Round "5.1"]
[White "Hernandez Martin, Jose Antonio"]
[Black "Crespo Ramos, Maria"]
[Result "1/2-1/2"]
[WhiteElo "1926"]
[BlackElo "1615"]
[PlyCount "103"]
[EventDate "2009.01.17"]
[EventType "team-swiss"]
[EventRounds "9"]
[EventCountry "ESP"]
[SourceTitle "EXT 2011"]
[Source "ChessBase"]
[SourceDate "2010.11.26"]
[SourceVersion "1"]
[SourceVersionDate "2010.11.26"]
[SourceQuality "1"]
[WhiteTeam "Badajoz"]
[BlackTeam "Miguel Illescas"]
[WhiteTeamCountry "ESP"]
[BlackTeamCountry "ESP"]

1. f4 Nf6 2. Nf3 g6 3. e3 Bg7 4. c3 0-0 5. d4 d6 6. Bd3 Nc6 7. 0-0 e5 8. Qc2 Re8 9. fxe5 dxe5 10. Bb5 Bd7 11. Bxc6 Bxc6 12. Nxe5 Be4 13. Qb3 Qd5 14. Qxd5 Bxd5 15. Nd2 Rad8 16. e4 Nxe4 17. Nxe4 Bxe5 18. Bg5 Rc8 19. Nf6+ Bxf6 20. Bxf6 Re2 21. Rf2 Rce8 22. Be5 Rxf2 23. Kxf2 c6 24. g4 g5 25. b3 f6 26. Bg3 Kg7 27. c4 Bf7 28. Re1 Rxe1 29. Kxe1 Bg6 30. a3 Bc2 31. b4 Bb3 32. c5 Be6 33. Kd2 Bxg4 34. Ke3 f5 35. Be5+ Kf7 36. d5 f4+ 37. Kd4 f3 38. Bg3 Bd7 39. h4 Kf6 40. d6 gxh4 41. Bxh4+ Kf5 42. Ke3 Kg4 43. Be1 h5 44. Kf2 h4 45. Kg1 h3 46. Kh2 Kf4 47. Bf2 Ke4 48. Kg3 Bc8 49. Bg1 Bd7 50. Bf2 Bg4 51. Bg1 Bd7 52. Bf2 1/2-1/2

[Event "ESP-ch U18"]
[Site "Padron"]
[Date "2008.07.29"]
[Round "5"]
[White "Crespo Ramos, Maria"]
[Black "Ortega Sanchez, Ainhoa"]
[Result "1-0"]
[WhiteElo "1560"]
[BlackElo "1794"]
[PlyCount "125"]
[EventDate "2008.07.27"]
[EventType "swiss"]
[EventRounds "9"]
[EventCountry "ESP"]
[SourceTitle "CBM 125 Extra"]
[Source "ChessBase"]
[SourceDate "2008.09.01"]
[SourceVersion "1"]
[SourceVersionDate "2008.09.01"]
[SourceQuality "1"]

1. e4 c6 2. d4 d5 3. Nd2 dxe4 4. Nxe4 Bf5 5. Ng3 Bg6 6. Bc4 e6 7. N1e2 Bd6 8. 0-0 Nf6 9. f4 Qc7 10. f5 exf5 11. Bf4 Ne4 12. Nxe4 fxe4 13. Bxd6 Qxd6 14. Ng3 0-0 15. c3 Nd7 16. Qe2 Nf6 17. Rf2 a5 18. a4 Rae8 19. Raf1 Nd5 20. Nf5 Qd7 21. h4 Re6 22. Ne3 h6 23. h5 Bh7 24. Bxd5 cxd5 25. Qg4 Rd6 26. Qg3 f5 27. Qe5 Re8 28. Qf4 Rf6 29. Qh4 Ref8 30. Rf4 Qd6 31. g4 fxg4 32. Rxf6 Rxf6 33. Rxf6 Qxf6 34. Qxf6 gxf6 35. Nxg4 Kg7 36. Ne3 Bg8 37. Nf5+ Kh7 38. Nd6 b6 39. Nc8 f5 40. Nxb6 f4 41. Nd7 Bf7 42. b4 axb4 43. cxb4 e3 44. b5 Bxh5 45. Ne5 Be2 46. b6 Ba6 47. Kg2 Kg7 48. Nd3 Kf6 49. Nxf4 Bb7 50. Kf3 Ke7 51. Nd3 Kd6 52. Nc5 Kc6 53. a5 h5 54. Nxb7 Kxb7 55. Kxe3 Kc6 56. Kf4 Kb7 57. Kg5 Ka6 58. Kxh5 Kxa5 59. b7 Kb5 60. b8Q+ Kc4 61. Qb6 Kd3 62. Qc5 Ke4 63. Kg5 1-0

[Event "ESP-ch U18"]
[Site "Padron"]
[Date "2008.07.27"]
[Round "1"]
[White "Garro Beraza, Haritz"]
[Black "Crespo Ramos, Maria"]
[Result "1-0"]
[WhiteElo "1999"]
[BlackElo "1560"]
[PlyCount "123"]
[EventDate "2008.07.27"]
[EventType "swiss"]
[EventRounds "9"]
[EventCountry "ESP"]
[SourceTitle "CBM 125 Extra"]
[Source "ChessBase"]
[SourceDate "2008.09.01"]
[SourceVersion "1"]
[SourceVersionDate "2008.09.01"]
[SourceQuality "1"]

1. e4 c5 2. Nf3 Nc6 3. d3 e6 4. g3 g6 5. Bg2 Bg7 6. 0-0 Nge7 7. Re1 0-0 8. c3 d5 9. e5 d4 10. c4 a6 11. b3 Rb8 12. Bf4 Nf5 13. Nbd2 Bh6 14. Ne4 Bxf4 15. gxf4 Qa5 16. Nfg5 h6 17. Nf6+ Kg7 18. Nge4 Nce7 19. Ng3 b5 20. cxb5 Qxb5 21. Rc1 Bb7 22. a4 Qb4 23. Rc4 Qa5 24. Nd7 Bxg2 25. Kxg2 Rxb3 26. Nxf8 Kxf8 27. Nxf5 Nxf5 28. Rxc5 Qxc5 29. Qxb3 Qc6+ 30. Re4 Kg7 31. Qd1 h5 32. h3 Ne7 33. Kh2 Qc3 34. Re2 Nd5 35. Qc2 Nxf4 36. Qxc3 dxc3 37. Rc2 Nxd3 38. Rxc3 Nxe5 39. f4 Nd7 40. Rc6 Kf6 41. Rxa6 Kf5 42. Kg3 h4+ 43. Kf3 e5 44. fxe5 Nxe5+ 45. Ke3 g5 46. Ra5 f6 47. Rc5 g4 48. hxg4+ Kxg4 49. Rc1 h3 50. Rg1+ Kh4 51. Kf4 h2 52. Rd1 Kh3 53. a5 Kg2 54. a6 Nc6 55. Rd2+ Kg1 56. Kg3 h1N+ 57. Kf4 Nf2 58. Rd6 Na7 59. Rd7 Nb5 60. Rb7 Nd3+ 61. Kg3 Nd6 62. Rb1+ 1-0

[Event "ESP-chT U16"]
[Site "Aviles"]
[Date "2008.06.26"]
[Round "3.2"]
[White "Rivas Crespo, Alexander"]
[Black "Crespo Ramos, Maria"]
[Result "1-0"]
[WhiteElo "1920"]
[BlackElo "1564"]
[PlyCount "103"]
[EventDate "2008.06.25"]
[EventType "team-swiss"]
[EventRounds "6"]
[EventCountry "ESP"]
[SourceTitle "EXT 2010"]
[Source "ChessBase"]
[SourceDate "2010.11.25"]
[SourceVersion "1"]
[SourceVersionDate "2010.11.25"]
[SourceQuality "1"]

1. e4 c5 2. Nf3 e6 3. d4 cxd4 4. Nxd4 Nf6 5. Nc3 Nc6 6. Be3 Bb4 7. Bd3 d5 8. Bb5 Bd7 9. exd5 Nxd5 10. Bxc6 bxc6 11. Bd2 Qf6 12. Nxd5 Bxd2+ 13. Qxd2 exd5 14. 0-0 0-0 15. c3 Rfe8 16. b4 Re7 17. Rfe1 Rae8 18. Rxe7 Qxe7 19. Nf3 Qe2 20. Re1 Qxd2 21. Rxe8+ Bxe8 22. Nxd2 Kf8 23. f3 Ke7 24. Kf2 Kd6 25. Nb3 Bd7 26. Ke3 Bf5 27. Nd4 Bd7 28. Nb3 Bc8 29. g4 Ba6 30. Nd4 Bc8 31. a4 Bd7 32. Nb3 Bc8 33. Nc5 Ke5 34. f4+ Kd6 35. f5 Ke5 36. Nd3+ Kd6 37. Kd4 Ba6 38. Nf4 g5 39. fxg6 hxg6 40. h4 Bc8 41. h5 gxh5 42. gxh5 Bf5 43. h6 Bh7 44. Nh5 f5 45. Nf6 Bg6 46. h7 Bxh7 47. Nxh7 f4 48. Ng5 a6 49. a5 c5+ 50. bxc5+ Kc6 51. c4 dxc4 52. Kxc4 1-0

[Event "Extremadura-ch U18"]
[Site "Spain"]
[Date "2008.03.18"]
[Round "5"]
[White "Garrido Perez, Jose Manuel"]
[Black "Crespo Ramos, Maria"]
[Result "0-1"]
[WhiteElo "1660"]
[BlackElo "1558"]
[PlyCount "38"]
[EventDate "2008.03.15"]
[EventType "swiss"]
[EventRounds "6"]
[EventCountry "ESP"]
[SourceTitle "EXT 2011"]
[Source "ChessBase"]
[SourceDate "2010.11.26"]
[SourceVersion "1"]
[SourceVersionDate "2010.11.26"]
[SourceQuality "1"]

1. e4 c5 2. Nf3 e6 3. d4 cxd4 4. Nxd4 Nf6 5. Bd3 Nc6 6. Nxc6 bxc6 7. 0-0 d5 8. Nd2 Be7 9. Qe2 0-0 10. c4 d4 11. e5 Nd7 12. Qe4 f5 13. exf6 Nxf6 14. Qxc6 Bd7 15. Qa6 Qc7 16. Nf3 Ng4 17. g3 e5 18. Be4 Rab8 19. b3 Rf6 0-1

[Event "Extremadura-ch U18"]
[Site "Spain"]
[Date "2008.03.17"]
[Round "3"]
[White "Galan Martin, Pedro Juan"]
[Black "Crespo Ramos, Maria"]
[Result "1-0"]
[WhiteElo "2104"]
[BlackElo "1559"]
[PlyCount "83"]
[EventDate "2008.03.15"]
[EventType "swiss"]
[EventRounds "6"]
[EventCountry "ESP"]
[SourceTitle "EXT 2011"]
[Source "ChessBase"]
[SourceDate "2010.11.26"]
[SourceVersion "1"]
[SourceVersionDate "2010.11.26"]
[SourceQuality "1"]

1. e4 c5 2. c3 e6 3. d4 cxd4 4. cxd4 Nf6 5. e5 Nd5 6. Nf3 Nc6 7. Nc3 d6 8. Bb5 a6 9. Bxc6+ bxc6 10. 0-0 Bb7 11. Nxd5 cxd5 12. Bf4 Be7 13. Qa4+ Qd7 14. Qb3 Rb8 15. exd6 Bxd6 16. Ne5 Bxe5 17. Bxe5 Rc8 18. Bxg7 Rg8 19. Be5 Rg6 20. Rac1 f6 21. Bg3 Rc6 22. Rc3 Rxc3 23. Qxc3 Qc6 24. Qe3 f5 25. Rc1 Qa4 26. Qe5 Bc6 27. Qb8+ Kf7 28. Qc7+ Bd7 29. b3 Qxd4 30. Qxd7+ Kf8 31. Qd8+ Kg7 32. Rc7+ Kh6 33. Qh4+ Qxh4 34. Bxh4 d4 35. Bg3 Kg5 36. f4+ Kh6 37. Rd7 Rg7 38. Rxg7 Kxg7 39. Kf2 Kf6 40. Ke2 Ke7 41. Kd3 Kd6 42. Kxd4 1-0

[Event "Extremadura-chT"]
[Site "Spain"]
[Date "2008.02.02"]
[Round "3.1"]
[White "Crespo Ramos, Maria"]
[Black "Gonzalez Cano, Juan Jose"]
[Result "0-1"]
[WhiteElo "1564"]
[BlackElo "1963"]
[PlyCount "76"]
[EventDate "2008.01.19"]
[EventType "team-swiss"]
[EventRounds "9"]
[EventCountry "ESP"]
[SourceTitle "EXT 2011"]
[Source "ChessBase"]
[SourceDate "2010.11.26"]
[SourceVersion "1"]
[SourceVersionDate "2010.11.26"]
[SourceQuality "1"]
[WhiteTeam "Miguel Illescas"]
[BlackTeam "Casareno"]
[WhiteTeamCountry "ESP"]
[BlackTeamCountry "ESP"]

1. e4 e5 2. Nf3 Nf6 3. Nxe5 d6 4. Nf3 Nxe4 5. Nc3 Nxc3 6. dxc3 Be7 7. Bf4 Nc6 8. Qd2 Be6 9. 0-0-0 Qd7 10. Be2 h6 11. Be3 a6 12. Nd4 Nxd4 13. cxd4 Qa4 14. a3 d5 15. Qc3 0-0 16. Bxh6 Bf6 17. Be3 c5 18. Qd2 c4 19. c3 b5 20. Qc2 Qa5 21. h4 Qc7 22. g4 Qd7 23. f3 a5 24. Bg5 Bd8 25. Bxd8 Rfxd8 26. h5 Qd6 27. Qd2 b4 28. h6 g6 29. a4 Bd7 30. Rde1 Bxa4 31. Bd1 Bxd1 32. Qxd1 bxc3 33. bxc3 Rab8 34. Qa4 Qf4+ 35. Kc2 Qxf3 36. h7+ Kh8 37. Kc1 Qxc3+ 38. Qc2 Qa1+ 0-1

[Event "Calvia Autonomicas-chT"]
[Site "Calvia"]
[Date "2007.05.05"]
[Round "4"]
[White "Crespo Ramos, Maria"]
[Black "Boix Pons, Catalina"]
[Result "0-1"]
[WhiteElo "1592"]
[BlackElo "2020"]
[PlyCount "72"]
[EventDate "2007.05.03"]
[EventType "team"]
[EventRounds "5"]
[EventCountry "ESP"]
[SourceTitle "CBM 118 Extra"]
[Source "ChessBase"]
[SourceDate "2007.07.04"]
[SourceVersion "1"]
[SourceVersionDate "2007.07.04"]
[SourceQuality "1"]

1. e4 c5 2. Nc3 a6 3. a4 Nc6 4. g3 Nf6 5. Bg2 e6 6. d3 h6 7. f4 d6 8. Nf3 Qc7 9. Be3 d5 10. Bd2 Be7 11. 0-0 0-0 12. h3 dxe4 13. dxe4 Rd8 14. Qe1 Nd4 15. Rc1 Bd7 16. b3 Bc6 17. Ne5 Be8 18. Kh1 b5 19. axb5 axb5 20. g4 Nh7 21. Ne2 Ra2 22. Nxd4 cxd4 23. c3 Qa5 24. b4 Qa7 25. cxd4 Qxd4 26. Bc3 Qb6 27. f5 Bg5 28. Rd1 Rc2 29. Rxd8 Qxd8 30. Rf2 Rc1 31. Qxc1 Bxc1 32. Bf1 Ng5 33. fxe6 fxe6 34. Bd3 Nxh3 35. Rf1 Nf4 36. Bc2 Qh4+ 0-1

[Event "ESP-chT 1st div South"]
[Site "Santa Cruz de Tenerife"]
[Date "2006.08.24"]
[Round "2"]
[White "Crespo Ramos, Maria"]
[Black "Cancio Lasso, Rayco"]
[Result "0-1"]
[WhiteElo "1619"]
[BlackElo "1991"]
[PlyCount "114"]
[EventDate "2006.08.23"]
[EventType "team"]
[EventRounds "5"]
[EventCountry "ESP"]
[SourceTitle "CBM 113 Extra"]
[Source "ChessBase"]
[SourceDate "2006.09.14"]
[SourceVersion "1"]
[SourceVersionDate "2006.09.14"]
[SourceQuality "1"]

1. e4 c5 2. Nc3 d6 3. g3 g6 4. Bg2 Bg7 5. f4 e6 6. d3 Ne7 7. Nf3 Nbc6 8. 0-0 0-0 9. Bd2 b6 10. Rb1 Bb7 11. Ne2 Qd7 12. g4 f5 13. h3 e5 14. gxf5 gxf5 15. Qe1 fxe4 16. dxe4 Nd4 17. Nfxd4 exd4 18. Qg3 Kh8 19. Rf2 Qe6 20. f5 Qxa2 21. Rbf1 Be5 22. Bf4 Bxf4 23. Nxf4 Rg8 24. Qh4 Qf7 25. Ne6 Ba6 26. Ra1 Bb7 27. Ng5 Rxg5 28. Qxg5 Bxe4 29. Qf4 Bxg2 30. Kxg2 Qd5+ 31. Kh2 Rf8 32. f6 Ng6 33. Qf5 Qxf5 34. Rxf5 a5 35. Re1 Ne5 36. Rg1 Nc4 37. f7 Ne5 38. Re1 Kg7 39. Rg1+ Kh8 40. Rgf1 Nc4 41. Rf6 Kg7 42. b3 Ne3 43. R1f2 Nxc2 44. Rxd6 Ne3 45. Rxb6 Rxf7 46. Rxf7+ Kxf7 47. Kg3 d3 48. Kf4 Nd5+ 49. Ke4 Nxb6 50. Kxd3 Kf6 51. Ke4 Kg5 52. Ke5 Kh4 53. Kd6 c4 54. bxc4 Nxc4+ 55. Kc5 Ne3 56. Kb5 Kxh3 57. Kxa5 h5 0-1